书目信息 |
| 题名: |
关于纤维素及硝酸酯化学的几个问题
|
|
| 作者: | ||
| 分册: | ||
| 出版信息: | 北京 国防工业出版社 1957 |
|
| 页数: | 99页 | |
| 开本: | 20cm | |
| 丛书名: | ||
| 单 册: | ||
| 中图分类: | TQ352.1 | |
| 科图分类: | ||
| 主题词: | 纤维素--化学加工--化学工业 | |
| 电子资源: | ||
| ISBN: | ||
| 000 | 00589nam0 2200205 450 | |
| 001 | 0654066827 | |
| 005 | 20060925150758.20 | |
| 010 | @dCNY0.46 | |
| 091 | @a5034.18 | |
| 100 | @a20060909d1957 km y0chiy0120 ea | |
| 101 | 0 | @achi |
| 102 | @aCN@b110000 | |
| 200 | 1 | @a关于纤维素及硝酸酯化学的几个问题@Aguan yu xian wei su ji xiao suan zhi hua xue de ji ge wen ti@e论文集 |
| 210 | @a北京@c国防工业出版社@d1957 | |
| 215 | @a99页@d20cm | |
| 517 | 1 | @a论文集@Alun wen ji |
| 606 | 0 | @a纤维素@x化学加工@x化学工业 |
| 690 | @aTQ352.1@v3 | |
| 801 | 0 | @aCN@bPFT@c20060925 |
| 905 | @a10447@dTQ352.1@e9 | |
| 关于纤维素及硝酸酯化学的几个问题:论文集.-北京:国防工业出版社,1957 |
| 99页;20cm |
| ISBN :CNY0.46 |
| ● |
| 相关链接 |
|
|
|
|
正题名:关于纤维素及硝酸酯化学的几个问题
索取号:TQ352.1/9
 
预约/预借
| 序号 | 登录号 | 条形码 | 馆藏地/架位号 | 状态 | 备注 |
| 1 | 0422384 | 204223848 | 密集书库/ [索取号:TQ352.1/9] | 在馆 | |
| 2 | 0470475 | 204704757 | 密集书库/ [索取号:TQ352.1/9] | 在馆 |